| 000 -LEADER |
| fixed length control field |
02017cam a2200337 a 4500 |
| 001 - CONTROL NUMBER |
| control field |
780928 |
| 003 - CONTROL NUMBER IDENTIFIER |
| control field |
OSt |
| 005 - DATE AND TIME OF LATEST TRANSACTION |
| control field |
20190808100553.0 |
| 008 - FIXED-LENGTH DATA ELEMENTS--GENERAL INFORMATION |
| fixed length control field |
180910s2017 enka e 001 0 eng d |
| 020 ## - INTERNATIONAL STANDARD BOOK NUMBER |
| International Standard Book Number |
9780241288436 |
| Qualifying information |
(hbk.) : |
| 035 ## - SYSTEM CONTROL NUMBER |
| System control number |
NO000162174 |
| 040 ## - CATALOGING SOURCE |
| Original cataloging agency |
TWTCL |
| Language of cataloging |
eng |
| Transcribing agency |
TWTCL |
| Description conventions |
aacr |
| 041 0# - LANGUAGE CODE |
| Language code of text/sound track or separate title |
eng |
| 042 ## - AUTHENTICATION CODE |
| Authentication code |
nbic |
| 082 0# - DEWEY DECIMAL CLASSIFICATION NUMBER |
| Classification number |
720.9 GLA |
| 100 1# - MAIN ENTRY--PERSONAL NAME |
| Personal name |
Glancey, Jonathan. |
| Relator term |
author |
| 245 10 - TITLE STATEMENT |
| Title |
Architecture : |
| Remainder of title |
a visual history / |
| Statement of responsibility, etc. |
Jonathan Glancey. |
| 246 20 - VARYING FORM OF TITLE |
| Title proper/short title |
A visual history. |
| 260 ## - PUBLICATION, DISTRIBUTION, ETC. |
| Place of publication, distribution, etc. |
London, UK : |
| Name of publisher, distributor, etc. |
DK, Penguin Random House ; |
| Place of publication, distribution, etc. |
New York, NY : |
| Name of publisher, distributor, etc. |
DK Publishing, |
| Date of publication, distribution, etc. |
2017. |
| 300 ## - PHYSICAL DESCRIPTION |
| Extent |
416 p. : |
| Other physical details |
col. ill. ; |
| Dimensions |
25 cm. |
| 500 ## - GENERAL NOTE |
| General note |
"Content previously published in 2006 as Eyewitness companions: Architecture"--Title page verso. |
| 500 ## - GENERAL NOTE |
| General note |
Includes index. |
| 500 ## - GENERAL NOTE |
| General note |
Issued in a case. |
| 505 0# - FORMATTED CONTENTS NOTE |
| Formatted contents note |
From village to city -- The Americas -- The classical world -- India and Southeast Asia -- East Asia -- The Islamic world -- Medieval Europe -- The Renaissance -- Baroque and Rococo -- Classical revival -- The industrial world -- The modern world -- Glossary. |
| 520 ## - SUMMARY, ETC. |
| Summary, etc. |
Architecture tells the story of the world's most incredible buildings, from the ancient world to the present day. Take a closer look at the beautiful details, principal elements, and decorative features of every architectural style, from China's Temple of Heaven and the Great Mosque of Damascus, to the Guggenheim museum and the London Olympic Velodrome. Architecture offers a truly worldwide look at historical and contemporary buildings, with breathtaking photography, intriguing cross-sections, and unique CGI artwork. Now fully updated, this stunning new edition covers contemporary architecture and green buildings, with incredible new photography to transport you to the most interesting and iconic buildings on earth. |
| 650 #0 - SUBJECT ADDED ENTRY--TOPICAL TERM |
| Topical term or geographic name entry element |
Architectural design |
| General subdivision |
History. |
| 650 #0 - SUBJECT ADDED ENTRY--TOPICAL TERM |
| Topical term or geographic name entry element |
Architectural design. |
| 650 #0 - SUBJECT ADDED ENTRY--TOPICAL TERM |
| Topical term or geographic name entry element |
Architecture |
| General subdivision |
History. |
| 650 #0 - SUBJECT ADDED ENTRY--TOPICAL TERM |
| Topical term or geographic name entry element |
Architecture. |
| 942 ## - ADDED ENTRY ELEMENTS (KOHA) |
| Source of classification or shelving scheme |
|
| Koha item type |
Books - Non Ficton |